<?xml version="1.0" encoding="UTF-8"?>
<record
    xmlns:xsi="http://www.w3.org/2001/XMLSchema-instance"
    xsi:schemaLocation="http://www.loc.gov/MARC21/slim http://www.loc.gov/standards/marcxml/schema/MARC21slim.xsd"
    xmlns="http://www.loc.gov/MARC21/slim">

  <leader>02735nam0a22004091  4500</leader>
  <controlfield tag="001">rc\300431</controlfield>
  <controlfield tag="005">20250621025642.0</controlfield>
  <datafield tag="010" ind1=" " ind2=" ">
    <subfield code="a">5-265-00522-6</subfield>
    <subfield code="9">100000</subfield>
  </datafield>
  <datafield tag="035" ind1=" " ind2=" ">
    <subfield code="a">(NLR Aleph) 005536339</subfield>
  </datafield>
  <datafield tag="090" ind1=" " ind2=" ">
    <subfield code="a">5663221</subfield>
    <subfield code="c">5663221</subfield>
  </datafield>
  <datafield tag="100" ind1=" " ind2=" ">
    <subfield code="a">20030307d1989    |||y0rusy50      ca</subfield>
  </datafield>
  <datafield tag="101" ind1="0" ind2=" ">
    <subfield code="a">rus</subfield>
  </datafield>
  <datafield tag="102" ind1=" " ind2=" ">
    <subfield code="a">RU</subfield>
  </datafield>
  <datafield tag="105" ind1=" " ind2=" ">
    <subfield code="a">y   |||||||||</subfield>
  </datafield>
  <datafield tag="200" ind1="1" ind2=" ">
    <subfield code="a">&#x410;&#x43D;&#x433;&#x435;&#x43B; &#x412;&#x430;&#x440;&#x435;&#x43D;&#x44C;&#x43A;&#x430;</subfield>
    <subfield code="e">&#x41F;&#x43E;&#x432;&#x435;&#x441;&#x442;&#x438;, &#x440;&#x430;&#x441;&#x441;&#x43A;&#x430;&#x437;&#x44B;, &#x43E;&#x447;&#x435;&#x440;&#x43A;</subfield>
    <subfield code="f">&#x41B;&#x435;&#x43E;&#x43D;&#x438;&#x434; &#x411;&#x435;&#x436;&#x438;&#x43D;</subfield>
  </datafield>
  <datafield tag="210" ind1=" " ind2=" ">
    <subfield code="a">&#x41C;.</subfield>
    <subfield code="c">&#x421;&#x43E;&#x432;. &#x43F;&#x438;&#x441;&#x430;&#x442;&#x435;&#x43B;&#x44C;</subfield>
    <subfield code="d">1989</subfield>
  </datafield>
  <datafield tag="215" ind1=" " ind2=" ">
    <subfield code="a">428, [2] &#x441;.</subfield>
    <subfield code="d">21</subfield>
  </datafield>
  <datafield tag="327" ind1="1" ind2=" ">
    <subfield code="a">&#x421;&#x43E;&#x434;&#x435;&#x440;&#x436;.: &#x41F;&#x43E;&#x432;&#x435;&#x441;&#x442;&#x438;: &#x420;&#x435;&#x43C;&#x43E;&#x43D;&#x442; &#x443;&#x43D;&#x438;&#x432;&#x435;&#x440;&#x441;&#x438;&#x442;&#x435;&#x442;&#x430;; &#x410;&#x43D;&#x433;&#x435;&#x43B; &#x412;&#x430;&#x440;&#x435;&#x43D;&#x44C;&#x43A;&#x430;; &#x420;&#x430;&#x441;&#x441;&#x43A;&#x430;&#x437;&#x44B;: &#x423;&#x447;&#x443; &#x438;&#x433;&#x440;&#x430;&#x442;&#x44C; &#x43D;&#x430; &#x441;&#x43A;&#x440;&#x438;&#x43F;&#x43A;&#x435;; &#x418;&#x437; &#x430;&#x43B;&#x44C;&#x431;&#x43E;&#x43C;&#x430; &#x424;&#x435;&#x434;&#x43E;&#x442;&#x43E;&#x432;&#x44B;&#x445;; &#x421;&#x442;&#x440;&#x430;&#x43D;&#x43D;&#x43E;&#x441;&#x442;&#x438; &#x434;&#x443;&#x448;&#x438;; &#x415;&#x441;&#x43B;&#x438; &#x442;&#x44B; &#x43E;&#x431;&#x43C;&#x430;&#x43D;&#x435;&#x448;&#x44C; &#x414;&#x436;&#x430;&#x433;&#x443;...: (&#x418;&#x437; &#x441;&#x435;&#x43C;&#x435;&#x439;&#x43D;. &#x445;&#x440;&#x43E;&#x43D;&#x438;&#x43A;&#x438; &#x41A;&#x43E;&#x43B;&#x434;&#x443;&#x43D;&#x43E;&#x432;&#x44B;&#x445; &#x438; &#x41A;&#x43E;&#x441;&#x442;&#x44B;&#x43B;&#x438;&#x43D;&#x44B;&#x445;); &#x420;&#x435;&#x43A;&#x430; &#x431;&#x435;&#x437; &#x432;&#x43E;&#x434;&#x44B;; &#x424;&#x443;&#x431;&#x440;&#x430;: (&#x418;&#x437; &#x446;&#x438;&#x43A;&#x43B;&#x430; "&#x41F;&#x440;&#x430;&#x432;&#x438;&#x43B;&#x430; &#x436;&#x438;&#x437;&#x43D;&#x438;"); &#x420;&#x435;&#x43D;&#x435;&#x441;&#x441;&#x430;&#x43D;&#x441; &#x421;&#x435;&#x440;&#x43E;&#x432;&#x44B;&#x445;; &#x412;&#x43E;&#x434;&#x43E;&#x43F;&#x430;&#x434;; &#x41F;&#x43E;&#x434;&#x441;&#x435;&#x43B;&#x435;&#x43D;&#x435;&#x446;, &#x438;&#x43B;&#x438; &#x412;&#x442;&#x43E;&#x440;&#x430;&#x44F; &#x436;&#x438;&#x437;&#x43D;&#x44C; &#x41B;&#x44C;&#x432;&#x430; &#x422;&#x43E;&#x43B;&#x441;&#x442;&#x43E;&#x433;&#x43E;: (&#x418;&#x437; &#x446;&#x438;&#x43A;&#x43B;&#x430; "&#x421;&#x442;&#x440;&#x430;&#x43D;&#x43D;&#x44B;&#x435; &#x438;&#x441;&#x442;&#x43E;&#x440;&#x438;&#x438;"); &#x410;&#x43B;&#x43B;&#x435;&#x433;&#x43E;&#x440;&#x438;&#x44F; &#x432;&#x435;&#x441;&#x43D;&#x44B;: (&#x418;&#x437; &#x446;&#x438;&#x43A;&#x43B;&#x430; "&#x421;&#x442;&#x440;&#x430;&#x43D;&#x43D;&#x44B;&#x435; &#x438;&#x441;&#x442;&#x43E;&#x440;&#x438;&#x438;"); &#x425;&#x440;&#x430;&#x43D;&#x438;&#x442;&#x435;&#x43B;&#x44C; &#x43E;&#x442;&#x43A;&#x440;&#x44B;&#x442;&#x43E;&#x433;&#x43E; &#x434;&#x43E;&#x43C;&#x430;: &#x41E;&#x447;&#x435;&#x440;&#x43A;</subfield>
  </datafield>
  <datafield tag="464" ind1=" " ind2="0">
    <subfield code="1">2001#$a&#x420;&#x435;&#x43C;&#x43E;&#x43D;&#x442; &#x443;&#x43D;&#x438;&#x432;&#x435;&#x440;&#x441;&#x438;&#x442;&#x435;&#x442;&#x430;</subfield>
    <subfield code="t">&#x420;&#x435;&#x43C;&#x43E;&#x43D;&#x442; &#x443;&#x43D;&#x438;&#x432;&#x435;&#x440;&#x441;&#x438;&#x442;&#x435;&#x442;&#x430;</subfield>
  </datafield>
  <datafield tag="464" ind1=" " ind2="0">
    <subfield code="1">2001#$a&#x410;&#x43D;&#x433;&#x435;&#x43B; &#x412;&#x430;&#x440;&#x435;&#x43D;&#x44C;&#x43A;&#x430;</subfield>
    <subfield code="t">&#x410;&#x43D;&#x433;&#x435;&#x43B; &#x412;&#x430;&#x440;&#x435;&#x43D;&#x44C;&#x43A;&#x430;</subfield>
  </datafield>
  <datafield tag="464" ind1=" " ind2="0">
    <subfield code="1">2001#$a&#x423;&#x447;&#x443; &#x438;&#x433;&#x440;&#x430;&#x442;&#x44C; &#x43D;&#x430; &#x441;&#x43A;&#x440;&#x438;&#x43F;&#x43A;&#x435;</subfield>
    <subfield code="t">&#x423;&#x447;&#x443; &#x438;&#x433;&#x440;&#x430;&#x442;&#x44C; &#x43D;&#x430; &#x441;&#x43A;&#x440;&#x438;&#x43F;&#x43A;&#x435;</subfield>
  </datafield>
  <datafield tag="464" ind1=" " ind2="0">
    <subfield code="1">2001#$a&#x418;&#x437; &#x430;&#x43B;&#x44C;&#x431;&#x43E;&#x43C;&#x430; &#x424;&#x435;&#x434;&#x43E;&#x442;&#x43E;&#x432;&#x44B;&#x445;</subfield>
    <subfield code="t">&#x418;&#x437; &#x430;&#x43B;&#x44C;&#x431;&#x43E;&#x43C;&#x430; &#x424;&#x435;&#x434;&#x43E;&#x442;&#x43E;&#x432;&#x44B;&#x445;</subfield>
  </datafield>
  <datafield tag="464" ind1=" " ind2="0">
    <subfield code="1">2001#$a&#x421;&#x442;&#x440;&#x430;&#x43D;&#x43D;&#x43E;&#x441;&#x442;&#x438; &#x434;&#x443;&#x448;&#x438;</subfield>
    <subfield code="t">&#x421;&#x442;&#x440;&#x430;&#x43D;&#x43D;&#x43E;&#x441;&#x442;&#x438; &#x434;&#x443;&#x448;&#x438;</subfield>
  </datafield>
  <datafield tag="464" ind1=" " ind2="0">
    <subfield code="1">2001#$a&#x415;&#x441;&#x43B;&#x438; &#x442;&#x44B; &#x43E;&#x431;&#x43C;&#x430;&#x43D;&#x435;&#x448;&#x44C; &#x414;&#x436;&#x430;&#x433;&#x443;...</subfield>
    <subfield code="t">&#x415;&#x441;&#x43B;&#x438; &#x442;&#x44B; &#x43E;&#x431;&#x43C;&#x430;&#x43D;&#x435;&#x448;&#x44C; &#x414;&#x436;&#x430;&#x433;&#x443;...</subfield>
  </datafield>
  <datafield tag="464" ind1=" " ind2="0">
    <subfield code="1">2001#$a&#x420;&#x435;&#x43A;&#x430; &#x431;&#x435;&#x437; &#x432;&#x43E;&#x434;&#x44B;</subfield>
    <subfield code="t">&#x420;&#x435;&#x43A;&#x430; &#x431;&#x435;&#x437; &#x432;&#x43E;&#x434;&#x44B;</subfield>
  </datafield>
  <datafield tag="464" ind1=" " ind2="0">
    <subfield code="1">2001#$a&#x424;&#x443;&#x431;&#x440;&#x430;</subfield>
    <subfield code="t">&#x424;&#x443;&#x431;&#x440;&#x430;</subfield>
  </datafield>
  <datafield tag="464" ind1=" " ind2="0">
    <subfield code="1">2001#$a&#x420;&#x435;&#x43D;&#x435;&#x441;&#x441;&#x430;&#x43D;&#x441; &#x421;&#x435;&#x440;&#x43E;&#x432;&#x44B;&#x445;</subfield>
    <subfield code="t">&#x420;&#x435;&#x43D;&#x435;&#x441;&#x441;&#x430;&#x43D;&#x441; &#x421;&#x435;&#x440;&#x43E;&#x432;&#x44B;&#x445;</subfield>
  </datafield>
  <datafield tag="464" ind1=" " ind2="0">
    <subfield code="1">2001#$a&#x412;&#x43E;&#x434;&#x43E;&#x43F;&#x430;&#x434;</subfield>
    <subfield code="t">&#x412;&#x43E;&#x434;&#x43E;&#x43F;&#x430;&#x434;</subfield>
  </datafield>
  <datafield tag="464" ind1=" " ind2="0">
    <subfield code="1">2001#$a&#x41F;&#x43E;&#x434;&#x441;&#x435;&#x43B;&#x435;&#x43D;&#x435;&#x446;, &#x438;&#x43B;&#x438; &#x412;&#x442;&#x43E;&#x440;&#x430;&#x44F; &#x436;&#x438;&#x437;&#x43D;&#x44C; &#x41B;&#x44C;&#x432;&#x430; &#x422;&#x43E;&#x43B;&#x441;&#x442;&#x43E;&#x433;&#x43E;</subfield>
    <subfield code="t">&#x41F;&#x43E;&#x434;&#x441;&#x435;&#x43B;&#x435;&#x43D;&#x435;&#x446;, &#x438;&#x43B;&#x438; &#x412;&#x442;&#x43E;&#x440;&#x430;&#x44F; &#x436;&#x438;&#x437;&#x43D;&#x44C; &#x41B;&#x44C;&#x432;&#x430; &#x422;&#x43E;&#x43B;&#x441;&#x442;&#x43E;&#x433;&#x43E;</subfield>
  </datafield>
  <datafield tag="464" ind1=" " ind2="0">
    <subfield code="1">2001#$a&#x410;&#x43B;&#x43B;&#x435;&#x433;&#x43E;&#x440;&#x438;&#x44F; &#x432;&#x435;&#x441;&#x43D;&#x44B;</subfield>
    <subfield code="t">&#x410;&#x43B;&#x43B;&#x435;&#x433;&#x43E;&#x440;&#x438;&#x44F; &#x432;&#x435;&#x441;&#x43D;&#x44B;</subfield>
  </datafield>
  <datafield tag="464" ind1=" " ind2="0">
    <subfield code="1">2001#$a&#x425;&#x440;&#x430;&#x43D;&#x438;&#x442;&#x435;&#x43B;&#x44C; &#x43E;&#x442;&#x43A;&#x440;&#x44B;&#x442;&#x43E;&#x433;&#x43E; &#x434;&#x43E;&#x43C;&#x430;</subfield>
    <subfield code="t">&#x425;&#x440;&#x430;&#x43D;&#x438;&#x442;&#x435;&#x43B;&#x44C; &#x43E;&#x442;&#x43A;&#x440;&#x44B;&#x442;&#x43E;&#x433;&#x43E; &#x434;&#x43E;&#x43C;&#x430;</subfield>
  </datafield>
  <datafield tag="700" ind1=" " ind2="1">
    <subfield code="a">&#x411;&#x435;&#x436;&#x438;&#x43D;</subfield>
    <subfield code="b">&#x41B;.&#x415;.</subfield>
    <subfield code="g">&#x41B;&#x435;&#x43E;&#x43D;&#x438;&#x434; &#x415;&#x432;&#x433;&#x435;&#x43D;&#x44C;&#x435;&#x432;&#x438;&#x447;</subfield>
  </datafield>
  <datafield tag="801" ind1=" " ind2="0">
    <subfield code="a">RU</subfield>
    <subfield code="b">NLR</subfield>
    <subfield code="g">psbo</subfield>
  </datafield>
  <datafield tag="801" ind1=" " ind2="1">
    <subfield code="a">RU</subfield>
    <subfield code="b">ELAR</subfield>
    <subfield code="2">rusmarc</subfield>
  </datafield>
  <datafield tag="852" ind1=" " ind2=" ">
    <subfield code="a">NLR</subfield>
    <subfield code="j">89-3/5808</subfield>
  </datafield>
  <datafield tag="942" ind1=" " ind2=" ">
    <subfield code="c">BOOK</subfield>
  </datafield>
  <datafield tag="980" ind1=" " ind2=" ">
    <subfield code="a">NB</subfield>
  </datafield>
  <datafield tag="995" ind1=" " ind2=" ">
    <subfield code="5">2013-10-26</subfield>
    <subfield code="b">NLR01</subfield>
    <subfield code="c">NLR01</subfield>
    <subfield code="e">RF9</subfield>
    <subfield code="f">5536339-10</subfield>
    <subfield code="k">89-3/5808</subfield>
    <subfield code="o">0</subfield>
    <subfield code="r">BOOK</subfield>
    <subfield code="s">8935808_</subfield>
  </datafield>
</record>
